| 000 | 00909nam a22002771 4500 | ||
|---|---|---|---|
| 001 | 19591 | ||
| 003 | BD-RjUL | ||
| 005 | 20211209000442.0 | ||
| 008 | 740605s1967 enk 000 paeng | ||
| 035 | _a(BD-RjUL)19651 | ||
| 040 |
_aDLC _cDLC _dDLC _dBD-RjUL _beng |
||
| 041 | _aeng | ||
| 082 |
_a821.4 _bHOP 1967 |
||
| 100 | 1 |
_aHopkins, Gerard Manley, _d1844-1889. _960187 |
|
| 245 | 1 | 4 |
_aThe poems of Gerard Manley Hopkins / _cGerard Manley Hopkins |
| 250 | _a4th ed. based on the 1st ed. of 1918 and enlarged to incorporate all known poems and fragments; | ||
| 260 |
_aLondon ; _aNew York [etc.] ; _bOxford U.P., _cc1967. |
||
| 300 |
_alxvi, 362 p. ; _c22 cm. |
||
| 650 |
_aEnglish poetry. _960188 |
||
| 700 | 1 |
_aGardner, W. H. _q(William Henry), _d1902- _958714 |
|
| 700 | 1 |
_aMacKenzie, N. H., _eed. _960189 |
|
| 942 |
_2ddc _cBK |
||
| 999 |
_c19591 _d19591 |
||